[Event "FIDE Grand Prix 3 Pool D"]
[Site "Berlin GER"]
[Date "2022.03.25"]
[Round "4.2"]
[White "Tabatabaei,M"]
[Black "Vitiugov,N"]
[Result "1-0"]
[WhiteElo "2623"]
[BlackElo "2726"]

1.d4 d5 2.c4 c6 3.Nf3 Nf6 4.e3 Bf5 5.Nc3 e6 6.Nh4 Be4 7.f3 Bg6 8.Qb3 Qc7
9.Bd2 Be7 10.Nxg6 hxg6 11.O-O-O dxc4 12.Qxc4 a5 13.Kb1 a4 14.Ne4 a3 15.b3 Nd5
16.Nf2 Nd7 17.e4 N5b6 18.Qc1 Rc8 19.h4 c5 20.dxc5 Bxc5 21.Nd3 Bd6 22.Qxc7 Rxc7
23.Be2 Nc8 24.Ne1 Ke7 25.Nc2 Na7 26.Bc1 b5 27.Nxa3 Rxc1+ 28.Rxc1 Bxa3 29.Rc7 Nc8
30.Bxb5 Nb6 31.Rd1 Bd6 32.Ra7 Rh5 33.Bxd7 Nxd7 34.a4 Rc5 35.b4 Rc7 36.Rxc7 Bxc7
37.Kb2 f5 38.Rc1 Bf4 39.Rc2 fxe4 40.fxe4 Nf6 41.a5 Kd7 42.b5 Nxe4 43.b6 Be5+
44.Kb3  1-0

[Event "FIDE Grand Prix 3 Pool C"]
[Site "Berlin GER"]
[Date "2022.03.27"]
[Round "5.1"]
[White "Vachier Lagrave,M"]
[Black "So,W"]
[Result "0-1"]
[WhiteElo "2761"]
[BlackElo "2778"]

1.d4 Nf6 2.c4 e6 3.Nc3 Bb4 4.f3 c5 5.d5 b5 6.e4 d6 7.Ne2 bxc4 8.Nf4 e5 9.Ne2 Nbd7
10.g4 h5 11.Ng3 g6 12.Bxc4 Bxc3+ 13.bxc3 Qa5 14.Qd3 Nb6 15.Bb5+ Bd7 16.Bxd7+ Nbxd7
17.g5 h4 18.Ne2 Nh5 19.O-O Rb8 20.f4 Qa4 21.f5 gxf5 22.Rxf5 c4 23.Qe3 Qd1+
24.Rf1 Qd3 25.Qf2 Qxe4 26.Qxf7+ Kd8 27.Qf3 Qxf3 28.Rxf3 Rb5 29.Be3 Rxd5 30.Rb1 Ra5
31.Rb7 Ke7 32.Rxa7 Rxa7 33.Bxa7 Ra8 34.Bf2 Rxa2 35.Kf1 Nf8 36.Bxh4 Ng6 37.Bf2 Ke6
38.Bb6 Ra1+ 39.Kf2 Nhf4 40.Nxf4+ exf4 41.Rh3 Kf5 42.Rh7 Ne5 43.h4 Kg4 44.g6 Nxg6
45.Rg7 Kf5 46.h5 Ne5 47.h6 Rh1 48.h7 Kf6 49.Ra7 Kg6 50.Kg2 Rxh7 51.Rxh7 Kxh7
52.Bc7 Kg6 53.Bxd6 Kf5 54.Bc5 Ke4 55.Bd4 Ng4 56.Kf1 Kd3  0-1